000 00334nam a22001457a 4500
008 230512b ||||| |||| 00| 0 eng d
020 _a9780131444423
041 _aeng
080 _2THIRD EDITION
_a51
082 _a51GAY
100 _a22
101 _aMATE
245 _aBEGINNING INTERMEDIATE ALGEBRA
_cGAY.M.E
942 _2udc
_cBK
999 _c59700
_d59700